000 00457nam a2200169Ia 4500
003 GCL
008 140319s9999 xx 000 0 eng d
040 _aGCL /
_cGCL
082 0 4 _a327
_bH W
100 1 _aHOCHING, BRIN
245 1 0 _aWORLD POLITICS: AN INTRODUCTION TO INTERNATIONAL RELATION /
_cHOCHING, BRIN
700 1 _aSMITH, MICHAEL
260 _a[S.N] :
_bPRENTICE HALL, INC ،
_c1995
300 _a353 P
650 0 4 _aRELATIONS
942 _2ddc
_cBK
999 _c10487
_d10487